The origin and diffusion of private documents in the Grand Duchy of Lithuania from the end of 14th to the beginning of the 16th century (1529)

Titel: The origin and diffusion of private documents in the Grand Duchy of Lithuania from the end of 14th to the beginning of the 16th century (1529) / Mindaugas Klovas
Verfasser:
Ausgabe: Summary of Doctoral Dissertation
Veröffentlicht: Vilnius : Vilnius University. Lithuanian Institut of History, 2017
Umfang: 36 Seiten
Format: Buch
Sprache: Englisch
Schlagworte:
Kein Bild verfügbar
X
alg: 40403794
001A    $03004:07-06-17 
001B    $03004:30-06-17 $t08:31:16.000 
001C    $03004:07-06-17 $t15:54:18.000 
001D    $03004:30-06-17 
001U    $0utf8 
001X    $00 
002@    $0Aau 
002C    $aText $btxt $2rdacontent 
002D    $aohne Hilfsmittel zu benutzen $bn $2rdamedia 
002E    $aBand $bnc $2rdacarrier 
003@    $0404037941 
007A    $0404037941 $aHEB 
010@    $aeng 
010E    $erda 
011@    $a2017 
013D    $RWissenschaftliche Literatur $#Dissertations, Academic $#Thèses et écrits académiques $74113937-9 $8Hochschulschrift [Ts1] $9085338818 
021A    $aThe @origin and diffusion of private documents in the Grand Duchy of Lithuania from the end of 14th to the beginning of the 16th century (1529) $hMindaugas Klovas 
028A    $BVerfasser $4aut $7 $8Klovas, Mindaugas [Tn3] $9404037747 
032@    $aSummary of Doctoral Dissertation 
033A    $pVilnius $nVilnius University. Lithuanian Institut of History 
034D    $a36 Seiten 
044K    $#Rzeczpospolita Obojga Narodów $#Litauen Großfürstentum $#Lietuva bis 1795 $#Wielkie Księstwo Litewskie $#Velikoe Knjažestvo Litovskoe $#Vjalikae Knjastva Litoŭskae $#Grossfürstentum Litauen $74499060-1 $8Großfürstentum Litauen [Tg1] $9089174828 
044K    $RDruckwerk $#Dokument $#Dokumente $74139988-2 $8Dokument [Ts1] $9085535230 
044K    $RUrkunde $#Privileg $#Privilegierung $#Privilegien $74132797-4 $8Privileg [Ts1] $908547939X 
044K    $RDokument $#Charters $#Chartes $#Quelle Urkunde $#Akten Formschlagwort $#Urkunden $#Urkundenwesen $74062132-7 $8Urkunde [Ts1] $9085172952 
044K    $RLechisch $#Polnische Sprache $74120314-8 $8Polnisch [Tsz] $9085383503 
044K    $ROstslawische Sprachen $#Russinisch $#Ruthenisch Rusinisch $#Karpatoukrainisch Rusinisch $#Carpatho-Russian $74178735-3 $8Rusinisch [Ts1] $9085848034 
045R    $aGeschichte 1370-1529 
046C    $aPrivačių dokumentų atsiradimas ir raida lietuvos didžiojoje kunigaikštystėje XIV A. pabaigoje - XVI A. Pradžioje (1529 M.) $bAbweichender Titel 

lok: 40403794 24

exp: 40403794 24 1 #EPN
201B/01 $030-06-17 $t08:31:34.000 
201C/01 $007-06-17 
201U/01 $0utf8 
203@/01 $01000279618 
208@/01 $a30-06-17 $bz 
209A/01 $aS 32019 $du $f050 $hS 32019 $x00 
209C/01 $a17.02875 T $h17 02875 T 
209G/01 $a73743532 $x00 
220C/01 $ahae 
247C/01 $8358050-7 Marburg, Bibliothek des Herder-Instituts Marburg $9102600961 

lok: 40403794 78

exp: 40403794 78 1 #EPN
201B/01 $024-04-19 $t11:09:35.000 
201C/01 $024-04-19 
201U/01 $0utf8 
203@/01 $01050344405 
208@/01 $a24-04-19 $be 
209A/01 $a/ $f000 $x00 
209A/01 $ab*p $x01 
220C/01 $aeja 
244Z/01 $#Generalgouvernement Polen $#Polska $#Rzeczpospolita Polska $#Polska Rzeczpospolita Ludowa $#Poland $#Pologne $#République Polonaise $#Generalne Gubernatorstwo w Polsce $#Polish People's Republic $#Polska Rzeczpospolita Polen $#PRL $#RP $#Polen Generalgouvernement $#Polska Generalgouvernement $#Besetzte Polnische Gebiete $#Besetztes Gebiet in Polen $#Okupowane Polskie Obszary $#Obszary Okupowane w Polsce $#Volksrepublik Polen $#Polska Rosyjska $#Republic Polen $#Respublika Pol'ša $#Pol'skaja Narodnaja Respublika $#République de Pologne $#Polen Links der Weichsel $#Polska po Lewej Stronie Wisły $#Lenkija $#Polija $#Gubernija Carstva Pol'skago $#Republik Polen $74046496-9 $8--Tg1--Polen $x01 $9085129801 
244Z/01 $#Litauen $#Litauen $#Lithuania $#Lietuvos Respublika $#République Lithuanienne $#Lithuanie $#Litva 1918 - 1940, 1991, 9 - $#Litovskaja Respublika $#Lithuania 1918 - 1940, 1991, 9 - $#Republik Litauen $#Republic of Lithuania $#Lithuanian Republic $#Litauische Republik $#Lietuva $74074266-0 $8--Tg1--Litauen $x07 $9085209074 
247C/01 $82080>Marburg/Lahn, Herder-Institut, Forschungsbibliothek, Bibliographieportal $9336309341
LEADER 00000cam a2200000 c 4500
001 404037941
003 DE-603
005 20170630083116.0
007 tu
008 170607s2017 xx |||| m u00||u|eng c
035 |a (DE-599)HEB404037941 
040 |a DE-603  |b ger  |c DE-603  |d DE-603  |e rda 
041 |a eng 
100 1 |a Klovas, Mindaugas  |e Verfasser  |4 aut  |0 (DE-603)404037747 
245 0 0 |a ˜Theœ origin and diffusion of private documents in the Grand Duchy of Lithuania from the end of 14th to the beginning of the 16th century (1529)  |c Mindaugas Klovas 
246 1 |i Abweichender Titel  |a Privačių dokumentų atsiradimas ir raida lietuvos didžiojoje kunigaikštystėje XIV A. pabaigoje - XVI A. Pradžioje (1529 M.) 
250 |a Summary of Doctoral Dissertation 
264 1 |a Vilnius  |b Vilnius University. Lithuanian Institut of History  |c 2017 
300 |a 36 Seiten 
336 |a Text  |b txt  |2 rdacontent 
337 |a ohne Hilfsmittel zu benutzen  |b n  |2 rdamedia 
338 |a Band  |b nc  |2 rdacarrier 
648 7 |a Geschichte 1370-1529  |2 gnd 
650 7 |a Dokument  |0 (DE-588)4139988-2  |0 (DE-603)085535230  |2 gnd 
650 7 |a Privileg  |0 (DE-588)4132797-4  |0 (DE-603)08547939X  |2 gnd 
650 7 |a Urkunde  |0 (DE-588)4062132-7  |0 (DE-603)085172952  |2 gnd 
650 7 |a Polnisch  |0 (DE-588)4120314-8  |0 (DE-603)085383503  |2 gnd 
650 7 |a Rusinisch  |0 (DE-588)4178735-3  |0 (DE-603)085848034  |2 gnd 
651 7 |a Großfürstentum Litauen  |0 (DE-588)4499060-1  |0 (DE-603)089174828  |2 gnd 
655 7 |a Hochschulschrift  |2 gnd-content  |0 (DE-588)4113937-9  |0 (DE-603)085338818 
924 0 |9 Mb 50  |a (DE-603)1000279618  |b DE-Mb50  |c HES  |d c  |g S 32019 
924 0 |9 2080  |a (DE-603)1050344405  |b DE-2080  |c HES  |d d  |g /